Belvízelöntések vizsgálata távérzékeléssel a 2000-es években a Szegedi Tudományegyetemen

Elmentve itt :
Bibliográfiai részletek
Szerzők: Szatmári József
Kovács Ferenc
Van Leeuwen Boudewijn
Tobak Zalán
Dokumentumtípus: Könyv része
Megjelent: SZTE TTIK Földrajzi és Földtudományi Intézet Szeged 2020
Sorozat:Klímaváltozás okozta kihívások - Globálistól lokálisig
Tárgyszavak:
mtmt:31385201
Online Access:http://publicatio.bibl.u-szeged.hu/25097
LEADER 01060naa a2200253 i 4500
001 publ25097
005 20220915150741.0
008 220915s2020 hu o 0|| Magyar d
020 |a 9789633067345 
024 7 |a 31385201  |2 mtmt 
040 |a SZTE Publicatio Repozitórium  |b hun 
041 |a Magyar 
100 1 |a Szatmári József 
245 1 0 |a Belvízelöntések vizsgálata távérzékeléssel a 2000-es években a Szegedi Tudományegyetemen  |h [elektronikus dokumentum] /  |c  Szatmári József 
260 |a SZTE TTIK Földrajzi és Földtudományi Intézet  |b Szeged  |c 2020 
300 |a 9 
300 |a 71-79 
490 0 |a Klímaváltozás okozta kihívások - Globálistól lokálisig 
650 4 |a Föld- és kapcsolódó környezettudományok 
700 0 1 |a Kovács Ferenc  |e aut 
700 0 2 |a Van Leeuwen Boudewijn  |e aut 
700 0 2 |a Tobak Zalán  |e aut 
856 4 0 |u http://publicatio.bibl.u-szeged.hu/25097/1/Szatmari_et_al_2020.pdf  |z Dokumentum-elérés  
856 4 0 |u http://publicatio.bibl.u-szeged.hu/25097/2/31385201_c%C3%ADmlap_tartalom.pdf  |z Dokumentum-elérés